000 00894nam a2200265Ia 4500
003 OSt
005 20221005062204.0
006 a|||||r|||| 00| 0
007 ta
008 221004b |||||||| |||| 00| 0 eng d
020 _a97811383936844 (hbk)
_cUKP 115.00
024 _a66571
037 _bBBS/62, 18/02/2020, Better Book Service
_cTextual
040 _aCRL
_cCRL
_beng
041 _2eng
_aeng
082 _aO49G:g, Q9
100 _aBanerjee Sandeep Au.
_9601534
245 0 _aSpace, utopia and Indian decolonization
_b literary pre-figurations of the postcolony
260 _aLondon
_bRoutledge UK
_c2019
300 _axi,176p.
_ccm.
490 _aRoutledge / Edinburgh south asian studies series
650 _aSOUTH ASIAN LITERATURE
942 _hO49G:g, Q9
_cTEXL
_2cc
999 _c969327
_d969327